Penjodoh bilangan : Tahun 4, 5 dan 6

Bibliographic Details
Main Author: Mohammed Khairul Asraf
Format: Book
Published: Kuala Lumpur : Synergy Media , [s.n]
Series:Siri kamus pintar bahasa KBSR

MARC

LEADER 00000cam a2200000 7i4500
001 0000055950
005 20151201.0
008 151201
020 |a 9789832212775 
020 |a 9832212775 
090 0 0 |a DIC   |b MAL 
100 1 |a Mohammed Khairul Asraf 
245 1 0 |a Penjodoh bilangan :   |b Tahun 4, 5 dan 6   |c Mohammed Khairul Asraf 
260 |a Kuala Lumpur :   |b Synergy Media ,   |c [s.n] 
300 |a 66pg. :   |b ill. 
490 1 |a Siri kamus pintar bahasa KBSR 
999 |a 0001201098   |b Book   |c Children Collection   |e Cawangan Mersing 
999 |a 0001201100   |b Book   |c Adult Collection   |e Cawangan Segamat 
999 |a 0001201101   |b Book   |c Adult Collection   |e Cawangan Bukit Gambir 
999 |a 0001201102   |b Book   |c Children Collection   |e Cawangan Pontian 
999 |a 0001201104   |b Book   |c Adult Collection   |e Cawangan Muar 
999 |a 0001201106   |b Book   |c Children Collection   |e Cawangan Tmn. Ungku Tun Aminah 
999 |a 0001201107   |b Book   |c Children Collection   |e Cawangan Mersing 
999 |a 0001201109   |b Book   |c Adult Collection   |e Cawangan Bandar Penawar 
999 |a 0001201110   |b Book   |c Children Collection   |e Cawangan Kota Tinggi 
999 |a 0001201111   |b Book   |c Adult Collection   |e Cawangan Bandar Tenggara